| 000 | 00825nam a2200253 4500 | ||
|---|---|---|---|
| 003 | CO-ViMGA | ||
| 020 | _a9789589076446 | ||
| 040 |
_aCO-ViMGA _bspa _cCO-ViMGA |
||
| 082 | 0 | 4 |
_a615.9 _bP26t |
| 100 | 1 |
_aPeña, Lina María _94923 |
|
| 245 | 1 | 0 |
_aToxicología Clínica / _cLina María Peña |
| 260 |
_aMedellín : _bPanamareicana formas e impresos S.A.. Fondo editorial CIB _c2010 |
||
| 300 |
_a636 p. _bil. |
||
| 490 | _aFundamentos de medicina | ||
| 500 | _aIncluye índice | ||
| 650 | 1 | 4 |
_aIntoxicación _vAlcohol etílico _94927 |
| 650 | 1 | 4 |
_aIntoxicación _vMedicamentos _94926 |
| 650 | 1 | 4 |
_aPlaguicidas _94925 |
| 650 | 1 | 4 |
_aToxicología Clínica _94924 |
| 700 | 1 |
_aAristizábal H., José Julián _94929 |
|
| 700 | 1 |
_aArroyave H., Claudia Lucía _94928 |
|
| 700 | 1 |
_aGómez C., Ubier Eduardo _94930 |
|
| 942 |
_cBK _2ddc |
||
| 999 |
_c35863 _d35863 |
||